000 003720000a22001570004500
020 _a07460 4813 0
082 0 4 _aB W340t
100 1 _aWatt, Fiona
245 1 0 _aThat's not my truck... / Fiona Watt, il. : Rachell Wells
260 _aLondon : Usborne
300 _a[ 8 p. ]
500 _aTexto pasta dura
650 1 4 _aLiteratura Infantil
001 521
942 _cLGB
999 _c47732
_d47732